| 000 | 00350nam a2200133Ia 4500 | ||
|---|---|---|---|
| 005 | 20260328104331.0 | ||
| 008 | 260328s9999||||xx |||||||||||||| ||und|| | ||
| 100 | _aRicard, André | ||
| 245 | 0 |
_aCasos de Diseño : _b 21 Proyectos explicados por sus autores / _cAndré Ricard |
|
| 260 | _bAriel | ||
| 300 | _a191 p. | ||
| 650 | _aTEORÍA | ||
| 942 | _cBK | ||
| 999 |
_c11722 _d11722 |
||